000 00817nam a2200241Ia 4500
003 OSt
005 20220923211504.0
006 a|||||r|||| 00| 0
007 ta
008 220922b |||||||| |||| 00| 0 pan d
020 _a9789352047611 (hbk)
_c200
024 _a349,454
037 _b1041, 02/02/2019, H.K. Prakashan
_cTextual
040 _aARTS
_cARTS
_bpan
041 _2pan
_apan
082 _aH191v, 153Q8
100 _aਡਾਲਰਿੰਪਲ, ਵਿਲਿਅਮ, ਂਚ.
245 0 _aਕੋਹਿਨੂਰ
260 _aਚੰਡੀਗੜ੍ਹ
_b ਲੋਕਗੀਤ ਪ੍ਰਕਾFਨ
_c2018
300 _a218ਪ੍ਰ0
_ccm.
942 _hH191v, 153Q8
_cTEXL
_2CC
999 _c300056
_d300056